00306 a2200133 450000100060000002000180000604000220002410000190004624000180006524500130008330000080009636200090010465000590011359748 a9783190016785 cAnchieta - Pituba aKopp, Gabriele10aPlanet 1lpor10aPlanet 1 a1280 a2013 4aLínguas germânicas (teutônicas) língua alemã